| 000 | 00703nam a2200253Ia 4500 | ||
|---|---|---|---|
| 003 | OSt | ||
| 005 | 20220926024650.0 | ||
| 006 | a|||||r|||| 00| 0 | ||
| 007 | ta | ||
| 008 | 220923b |||||||| |||| 00| 0 eng d | ||
| 037 | _cGeneral Book | ||
| 040 |
_aRTL _cRTL _beng |
||
| 041 |
_2eng _aeng |
||
| 082 | _aXM5:8J, M0 | ||
| 100 |
_aTricker R I _9127640 |
||
| 245 | 0 | _aCorporate accountability and the role of the audit | |
| 260 |
_aOxford _bC P G _c1980 |
||
| 300 |
_a19p _ccm. |
||
| 490 | _aCorporate Policy Group Publication | ||
| 500 | _aBibliography: p 19 | ||
| 650 | _aJoint Stock Company | ||
| 942 |
_hXM5:8J, M0 _cGB _2CC |
||
| 999 |
_c645157 _d645157 |
||